000 00633nam a22001937a 4500
999 _c137317
_d137317
005 20230719122119.0
010 _aENG-117090 ENG-137464
020 _a9789383079032
_c220.00
035 _aEN-100622
035 _aEN-120996
037 _bDBAD/PUB
082 _a305.8009145
245 _aTraditinal culture of the rabhas of Assam :
_breport based on field investigations /
260 _aGuwahti
_bVivekananda Kendra Institute of culture
_c2014
270 _aRiverside,Uzanbazar,MG Road
_bGuwahti
_e781001
300 _aix,131p :
_c21cm(Hb)
_bill
500 _aIncludes index
942 _2ddc
_cEN
_h305.809145
_mTRA